La cárcel de Barcelona y los sistemas penitenciarios / (Record no. 164523)

MARC details
000 -LEADER
campo de control de longitud fija 01217nam a2200253 i 4500
001 - NÚMERO DE CONTROL
campo de control 164523
003 - IDENTIFICADOR DE NÚMERO DE CONTROL
campo de control ES-MaACL
005 - FECHA Y HORA DE LA ÚLTIMA TRANSACCIÓN
campo de control 20251224063019.0
008 - DATOS DE LONGITUD FIJA--INFORMACIÓN GENERAL
campo de control de longitud fija 931025s1877 sp |||| | spa d
100 2# - ENTRADA PRINCIPAL--NOMBRE DE PERSONA
Nombre de persona San Miguel de la Vega,
Títulos y otros términos asociados al nombre Marqués de
9 (RLIN) 132379
245 13 - MENCIÓN DEL TÍTULO
Título La cárcel de Barcelona y los sistemas penitenciarios /
Mención de responsabilidad, etc. [Marqués de San Miguel de la Vega... ].
260 ## - PUBLICACIÓN, DISTRIBUCIÓN, ETC.
Lugar de publicación, distribución, etc. Barcelona :
Nombre del editor, distribuidor, etc. [s.n.],
Fecha de publicación, distribución, etc. 1877 (
Fabricante N. Ramírez y Cía.)
300 ## - DESCRIPCIÓN FÍSICA
Extensión 53 p. ;
Dimensiones 25 cm.
530 ## - NOTA DISPONIBLE DE FORMULARIO FÍSICO ADICIONAL
Nota de formato físico adicional disponible Disponible en formato digital.
594 ## - Nota al título y mención de responsabilidad
Nota al título y mención de responsabilidad Autor tomado de información ms. en portada.
650 #4 - PUNTO DE ACCESO ADICIONAL DE MATERIA--TÉRMINO DE MATERIA
Término de materia o nombre geográfico como elemento de entrada Establecimientos penitenciarios-
Subdivisión geográfica Barcelona.
9 (RLIN) 141899
650 ## - PUNTO DE ACCESO ADICIONAL DE MATERIA--TÉRMINO DE MATERIA
Término de materia o nombre geográfico como elemento de entrada Derecho penitenciario-
Subdivisión geográfica España.
9 (RLIN) 176229
852 ## - LOCALIZACIÓN
Ubicación ES-MaACL
Número de control de estantería D-134(10)
Nota libre - Enc. pasta española
-- . - Donativo Lastres
-- . - Dedic. ms. de Eloy de San Miguel de la Vega a Francisco de Lastres
-- - Enc. en un vol. facticio
Ubicación en estantería Sala Valle Inclán
itemnumber 170785
856 ## - LOCALIZACIÓN Y ACCESO ELECTRÓNICOS
Identificador Uniforme de Recursos <a href="http://mdc.csuc.cat/cdm/ref/collection/fulletsAB/id/33456#dcId=1557760772306&p=1">http://mdc.csuc.cat/cdm/ref/collection/fulletsAB/id/33456#dcId=1557760772306&p=1</a>
Texto de enlace Versión en línea
Nota pública Memoria Digital de Cataluña
903 ## - NOMBRE PERSONAL DE DONANTE
a Lastres y Juiz, Francisco,
d 1848-1918
q 1
e Donante
9 70504
942 ## - ELEMENTOS DE ENTRADA SECUNDARIOS (KOHA)
Fuente del sistema de clasificación o colocación Clasificación decimal universal
Tipo de ítem Koha Folleto
Holdings
Estatus retirado Estado de pérdida Fuente del sistema de clasificación o colocación Estado de daño No para préstamo Colección Biblioteca de origen Biblioteca actual Ubicación en estantería Fecha de adquisición Fuente de adquisición Total de préstamos Signatura topográfica completa Código de barras Visto por última vez Precio de reemplazo Tipo de ítem Koha Nota pública
    Clasificación decimal universal     Libros con dedicatorias Biblioteca del Ateneo de Madrid Biblioteca del Ateneo de Madrid Sala Valle Inclán 17/01/2008 Donación   D-134(10) 901172458 23/02/2023 23/02/2023 Folleto Dedicatoria manuscrita del autor, Eloy de San Miguel de la Vega a Francisco de Lastres